Lo que ellas quieren (Record no. 115360)

MARC details
000 -LEADER
campo de control de longitud fija 00832nam a2200241 i 4500
001 - NÚMERO DE CONTROL
campo de control 115360
003 - IDENTIFICADOR DE NÚMERO DE CONTROL
campo de control ES-MaACL
005 - FECHA Y HORA DE LA ÚLTIMA TRANSACCIÓN
campo de control 20250825062549.0
007 - CAMPO FIJO DE DESCRIPCIÓN FÍSICA--INFORMACIÓN GENERAL
campo de control de longitud fija t|
008 - DATOS DE LONGITUD FIJA--INFORMACIÓN GENERAL
campo de control de longitud fija 070307s1926 sp ||||1| spa d
080 ## - NÚMERO DE LA CLASIFICACIÓN DECIMAL UNIVERSAL
Número de la Clasificación Decimal Universal 821.134.2-22"19"
100 1# - ENTRADA PRINCIPAL--NOMBRE DE PERSONA
Nombre de persona Oliver, Federico,
Fechas asociadas al nombre 1873-1957
9 (RLIN) 86807
245 13 - MENCIÓN DEL TÍTULO
Título Lo que ellas quieren
Resto del título : comedia en tres actos y un epílogo, en prosa /
Mención de responsabilidad, etc. Federico Oliver.
260 ## - PUBLICACIÓN, DISTRIBUCIÓN, ETC.
Lugar de publicación, distribución, etc. Madrid :
Nombre del editor, distribuidor, etc. Prensa Moderna,
Fecha de publicación, distribución, etc. 1926.
300 ## - DESCRIPCIÓN FÍSICA
Extensión 85 p. ;
Dimensiones 17 cm.
490 1# - MENCIÓN DE SERIE
Mención de serie El Teatro moderno ;
Designación de volumen o secuencia 68
500 ## - NOTA GENERAL
Nota general Estrenada en el Teatro Reina Victoria, de Madrid, el 18 de noviembre de 1926.
830 03 - PUNTO DE ACCESO ADICIONAL DE SERIE-TÍTULO UNIFORME
Título uniforme El teatro moderno (Prensa Moderna)
Designación de volumen o secuencia 68
9 (RLIN) 182365
852 ## - LOCALIZACIÓN
Ubicación ES-MaACL
Número de control de estantería C-13016/ej.1
itemnumber 119677
Ubicación en estantería Sala Palomar
852 ## - LOCALIZACIÓN
Ubicación ES-MaACL
Número de control de estantería 2224-F-18
Sublocalización o colección R.140770
Ubicación en estantería Depósito folletos
itemnumber 129908
942 ## - ELEMENTOS DE ENTRADA SECUNDARIOS (KOHA)
Fuente del sistema de clasificación o colocación Clasificación decimal universal
Holdings
Estatus retirado Estado de pérdida Fuente del sistema de clasificación o colocación Estado de daño Restricciones de uso No para préstamo Biblioteca de origen Biblioteca actual Ubicación en estantería Fecha de adquisición Total de préstamos Signatura topográfica completa Código de barras Visto por última vez Precio de reemplazo Tipo de ítem Koha Colección
    Clasificación decimal universal   Duplicado   Biblioteca del Ateneo de Madrid Biblioteca del Ateneo de Madrid Sala Palomar 17/01/2008   C-13016/Ej.1 1120285 23/02/2023 23/02/2023 Libro impreso  
    Clasificación decimal universal       Biblioteca del Ateneo de Madrid Biblioteca del Ateneo de Madrid Depósito folletos 17/01/2008   2224-F-18 1130518 23/02/2023 23/02/2023 Folleto Colección de folletos